<?xml version="1.0" encoding="UTF-8"?>
<collection xmlns="http://www.loc.gov/MARC21/slim">
 <record>
  <leader>01679nam a2200205Ia 4500</leader>
  <controlfield tag="001">TDMU_31277</controlfield>
  <controlfield tag="008">210410s9999    xx            000 0 und d</controlfield>
  <datafield tag="082" ind1=" " ind2=" ">
   <subfield code="a">363.7282</subfield>
  </datafield>
  <datafield tag="090" ind1=" " ind2=" ">
   <subfield code="b">V500</subfield>
  </datafield>
  <datafield tag="100" ind1=" " ind2=" ">
   <subfield code="a">Vũ, Thị Thùy Trang</subfield>
  </datafield>
  <datafield tag="245" ind1=" " ind2="0">
   <subfield code="a">Đánh giá tình hình quản lý chất thải rắn y tế tại các trạm y tế trên địa bàn huyện Bàu Bàng, tỉnh Bình Dương</subfield>
  </datafield>
  <datafield tag="245" ind1=" " ind2="0">
   <subfield code="c">Vũ Thị Thùy Trang; ThS. Bùi Phạm Phương Thanh(hướng dẫn)</subfield>
  </datafield>
  <datafield tag="260" ind1=" " ind2=" ">
   <subfield code="a">Bình Dương</subfield>
  </datafield>
  <datafield tag="260" ind1=" " ind2=" ">
   <subfield code="c">2017</subfield>
  </datafield>
  <datafield tag="300" ind1=" " ind2=" ">
   <subfield code="a">87tr</subfield>
  </datafield>
  <datafield tag="520" ind1=" " ind2=" ">
   <subfield code="a">Chuyên ngành: Quản lý tài nguyên và Môi trường; Ý kiến về việc sao chép tài liệu: 30%; Ý kiến về việc chuyển dạng tài liệu ( từ giấy sang điện tử):  đồng ý; TM tài liệu tham khảo sau phần kết luận; Khóa luận tốt nghiệp ĐH Thủ Dầu Một, 2017; Luận văn gồm 4 phần. Phần 1 Tổng quan về cơ sở lý thuyết và thực tiễn của đề tài; Phần 2 Nội dung và phương pháp nghiên cứu; Phần 3 Kết quả và thảo luận; Phần 4 Kết luận và kiến nghị</subfield>
  </datafield>
  <datafield tag="650" ind1=" " ind2=" ">
   <subfield code="a">Khóa luận; Môi trường</subfield>
   <subfield code="x">Xử lý chất thải</subfield>
   <subfield code="x">Chất thải y tế</subfield>
   <subfield code="z">Bình Dương; Xử lý chất thải</subfield>
   <subfield code="x">Hiện trạng</subfield>
   <subfield code="x">Đề xuất</subfield>
   <subfield code="z">Bàu Bàng (Bình Dương)</subfield>
  </datafield>
  <datafield tag="700" ind1=" " ind2=" ">
   <subfield code="a">Bùi Phạm Phương Thanh</subfield>
  </datafield>
  <datafield tag="856" ind1=" " ind2=" ">
   <subfield code="u">http://lrc.tdmu.edu.vn/opac/search/detail.asp?aID=2&amp;ID=31277</subfield>
  </datafield>
  <datafield tag="980" ind1=" " ind2=" ">
   <subfield code="a">Trung tâm Học liệu Trường Đại học Thủ Dầu Một</subfield>
  </datafield>
 </record>
</collection>
